00447nam a2200181 a 4500001001300000003000900013005001700022008004100039020000900080082001600089100002100105245003300126260003300159300000700192500003500199505001000234700002100244nice12345678IN_TiNIC20260116014235.0050524s1999 dela grp 000 0 eng  ac8000a297.4bSHU1 aShushtery, A M A aEarly Sufis and Their Sufism aDelhibAdam Publishersc1999 a99 aincludes index and biblioraphy2 aIndex1 aShushtery, A M A